Statistiques concernant Films avec Guillaume Canet par image

Cliquez ici pour prendre le quiz!

Statistiques générales

  • Ce quiz a été pris 50 fois
  • Le résultat moyen est 7 sur 16

Statistiques - réponses

Réponse% Correct
Astérix et Obélix : L'Empire du Milieu
100%
Le Grand Bain
80%
Jappeloup
76%
Jeux d'enfants
76%
La Plage
59%
Rock'n Roll
57%
Joyeux Noël
49%
La Belle Epoque
33%
Au nom de la terre
31%
Un ticket pour l'espace
31%
Les Infidèles
29%
La Prochaine Fois je viserai le cœur
24%
La Nouvelle Guerre des boutons
22%
Mon idole
20%
En solitaire
12%
Cézanne et moi
10%

Distribution des résultats

Percentile par nombre de réponses

% des personnes avec chaque résultat

Votre développement - résultats

Vous n’avez pas pris ce quiz